000 00486nam a2200193Ia 4500
008 180207s9999 xx 000 0 und d
020 _a9789812744913
050 _bA374 [2001]
100 _aAlexander, Adrian
245 _aMix them up /
245 _cwritten and illustrated by Adrian Alexander.
260 _aSingapore :
260 _bTeachers @ Work,
260 _c[2001]
300 _a21 pages :
300 _bchiefly colored ;
300 _c21cm.
440 _aShapeys.
999 _c355660
_d355660